Central Library OPAC University of Rajshahi

Arms and armour / (Record no. 61980)

MARC details
000 -LEADER
fixed length control field 00665nam a2200241 a 4500
001 - CONTROL NUMBER
control field 61980
003 - CONTROL NUMBER IDENTIFIER
rucl marc code BD-RjUL
005 - DATE AND TIME OF LATEST TRANSACTION
control field 20211209081027.0
008 - FIXED-LENGTH DATA ELEMENTS--GENERAL INFORMATION
fixed length control field 170122s1965 enka|||| |||| 00| 0 eng d
035 ## - SYSTEM CONTROL NUMBER
System control number (BD-RjUL)62105
040 ## - CATALOGING SOURCE
Original cataloging agency BD-RjUL
Language of cataloging eng
Transcribing agency BD-RjUL
041 ## - LANGUAGE CODE
Language code of text/sound track or separate title eng
082 ## - DEWEY DECIMAL CLASSIFICATION NUMBER
Edition number 23
Author mark and year BLA 1965
100 ## - MAIN ENTRY--PERSONAL NAME
Personal name Blackmore, Howard L.
9 (RLIN) 184449
245 ## - TITLE STATEMENT
Title Arms and armour /
Statement of responsibility, etc. Howard L. Blackmore
260 ## - PUBLICATION, DISTRIBUTION, ETC. (IMPRINT)
Place of publication, distribution, etc. London :
Name of publisher, distributor, etc. Studio Vista Limited,
Date of publication, distribution, etc. c1965.
300 ## - PHYSICAL DESCRIPTION
Pagination 160 p. :
Illustrations ill. ;
Size 19 cm.
490 ## - SERIES STATEMENT
Series statement Dutton Vista pictureback
650 ## - SUBJECT ADDED ENTRY--TOPICAL TERM
Topical term or geographic name as entry element Armor
9 (RLIN) 184450
Topical term or geographic name as entry element Weapons
9 (RLIN) 184451
856 ## - ELECTRONIC LOCATION AND ACCESS
Materials specified Dutton Vista pictureback
942 ## - ADDED ENTRY ELEMENTS (KOHA)
Source of classification or shelving scheme Dewey Decimal Classification
Koha item type Books
Holdings
Lost status Source of classification or shelving scheme Damaged status Not for loan Collection code Permanent Location Current Location Shelving location Date acquired Source of acquisition Cost, normal purchase price Total Checkouts Full call number Date last seen Copy number Koha item type
  Dewey Decimal Classification   Not For Loan Non-fiction Central Library, University of Rajshahi Central Library, University of Rajshahi Reading Room 04/09/1969 Zeitlinger 10.60   739.7 BLA 1965 22/01/2017 C-1 Books